00707nam a22002057a 4500003000400000005001700004008004100021040001800062041000800080050002400088100003000112245012500142264005700267300003500324650003300359650003400392650002300426650002400449650002800473OSt20260601193900.0260506b1997 mx ||||| |||| 00| 0 spa d aICIbspacICI aspa aBF637.C45bS96 2022 1aSymons, James, M.,eautor aMás claro, ni el agua :bpreguntas y respuestas sobre el agua potable que llega a nuestro hogar /cDr. James M. Symons aMéxico :bAmerican Water Works Association ,c1997 a250 páginas :bilustraciones aComunicación interpersonal aHabilidades de comunicación aRelaciones humanas aDesarrollo personal aComunicación efectiva